[Event "English Schools Championship Final 2024"]
[Site "Nottingham University Kings Meadow Campus, United Kingdom"]
[Date "2024.06.27"]
[Round "3.20"]
[White "Leslie, Alex"]
[Black "Sachdeva, Ronit"]
[Result "1/2-1/2"]
[TimeControl "G50' + 10\" per move."]
[WhiteFideId "452505"]
[BlackFideId "343401589"]
[WhiteElo "2159"]
[BlackElo "1997"]

1. d4 {[%clk 00:50:17]} {[%emt 00:00:02]} d5 {[%clk 00:50:17]} {[%emt
00:00:04]} 2. c4 {[%clk 00:50:09]} {[%emt 00:00:17]} c6 {[%clk 00:50:25]}
{[%emt 00:00:03]} 3. Nf3 {[%clk 00:50:06]} {[%emt 00:00:12]} Nf6 {[%clk
00:50:32]} {[%emt 00:00:04]} 4. e3 {[%clk 00:50:11]} {[%emt 00:00:05]} Bf5
{[%clk 00:50:37]} {[%emt 00:00:05]} 5. Nc3 {[%clk 00:49:48]} {[%emt 00:00:32]}
e6 {[%clk 00:50:43]} {[%emt 00:00:05]} 6. Bd3 {[%clk 00:49:55]} {[%emt
00:00:03]} Bxd3 {[%clk 00:50:36]} {[%emt 00:00:17]} 7. Qxd3 {[%clk 00:49:59]}
{[%emt 00:00:05]} Nbd7 {[%clk 00:50:26]} {[%emt 00:00:21]} 8. O-O {[%clk
00:49:42]} {[%emt 00:00:26]} Be7 {[%clk 00:50:26]} {[%emt 00:00:11]} 9. e4
{[%clk 00:48:57]} {[%emt 00:00:53]} dxe4 {[%clk 00:50:25]} {[%emt 00:00:13]} 10.
Nxe4 {[%clk 00:49:01]} {[%emt 00:00:05]} Nxe4 {[%clk 00:50:30]} {[%emt
00:00:06]} 11. Qxe4 {[%clk 00:49:03]} {[%emt 00:00:07]} Nf6 {[%clk 00:50:28]}
{[%emt 00:00:12]} 12. Qc2 {[%clk 00:48:06]} {[%emt 00:01:08]} O-O {[%clk
00:50:19]} {[%emt 00:00:19]} 13. Be3 {[%clk 00:46:59]} {[%emt 00:01:16]} Qc7
{[%clk 00:49:02]} {[%emt 00:01:26]} 14. h3 {[%clk 00:44:57]} {[%emt 00:02:13]}
Rfd8 {[%clk 00:47:46]} {[%emt 00:01:25]} 15. Rac1 {[%clk 00:43:31]} {[%emt
00:01:36]} Rac8 {[%clk 00:46:15]} {[%emt 00:01:42]} 16. b3 {[%clk 00:41:35]}
{[%emt 00:02:05]} Bf8 {[%clk 00:39:58]} {[%emt 00:06:29]} 17. Qb2 {[%clk
00:39:56]} {[%emt 00:01:49]} Qa5 {[%clk 00:34:35]} {[%emt 00:05:33]} 18. Rc2
{[%clk 00:39:13]} {[%emt 00:00:53]} Qc7 {[%clk 00:29:59]} {[%emt 00:04:45]} 19.
a3 {[%clk 00:37:26]} {[%emt 00:01:56]} a5 {[%clk 00:29:34]} {[%emt 00:00:36]}
20. b4 {[%clk 00:34:16]} {[%emt 00:03:20]} axb4 {[%clk 00:26:25]} {[%emt
00:03:19]} 21. axb4 {[%clk 00:34:17]} {[%emt 00:00:07]} b6 {[%clk 00:26:18]}
{[%emt 00:00:19]} 22. b5 {[%clk 00:29:14]} {[%emt 00:05:14]} c5 {[%clk
00:25:43]} {[%emt 00:00:44]} 23. Ra1 {[%clk 00:27:59]} {[%emt 00:01:24]} Ra8
{[%clk 00:21:32]} {[%emt 00:04:23]} 24. Rcc1 {[%clk 00:27:06]} {[%emt
00:01:03]} Nd7 {[%clk 00:20:05]} {[%emt 00:01:36]} 25. Ra2 {[%clk 00:23:10]}
{[%emt 00:04:05]} Qb7 {[%clk 00:18:33]} {[%emt 00:01:43]} 26. Rca1 {[%clk
00:22:06]} {[%emt 00:01:15]} Be7 {[%clk 00:17:26]} {[%emt 00:01:17]} 27. Ra6
{[%clk 00:19:50]} {[%emt 00:02:26]} Bf6 {[%clk 00:15:33]} {[%emt 00:02:04]} 28.
Qa3 {[%clk 00:18:13]} {[%emt 00:01:46]} Rac8 {[%clk 00:14:35]} {[%emt
00:01:07]} 29. Rc1 {[%clk 00:16:51]} {[%emt 00:01:32]} Rc7 {[%clk 00:09:11]}
{[%emt 00:05:35]} 30. Bf4 {[%clk 00:15:46]} {[%emt 00:01:14]} Rcc8 {[%clk
00:09:05]} {[%emt 00:00:16]} 31. Ne5 {[%clk 00:05:22]} {[%emt 00:10:34]} Bxe5
{[%clk 00:06:30]} {[%emt 00:02:46]} 32. Bxe5 {[%clk 00:04:19]} {[%emt
00:01:13]} Nxe5 {[%clk 00:06:34]} {[%emt 00:00:05]} 33. dxe5 {[%clk 00:04:22]}
{[%emt 00:00:07]} Rd4 {[%clk 00:06:07]} {[%emt 00:00:37]} 34. Qe3 {[%clk
00:03:41]} {[%emt 00:00:50]} h6 {[%clk 00:05:20]} {[%emt 00:00:59]} 35. Qe2
{[%clk 00:02:52]} {[%emt 00:00:58]} Rb8 {[%clk 00:02:13]} {[%emt 00:03:16]} 36.
Re1 {[%clk 00:01:15]} {[%emt 00:01:48]} g6 {[%clk 00:01:47]} {[%emt 00:00:37]}
37. g3 {[%clk 00:00:46]} {[%emt 00:00:39]} Ra8 {[%clk 00:01:25]} {[%emt
00:00:31]} 38. Rea1 {[%clk 00:00:43]} {[%emt 00:00:13]} Rad8 {[%clk 00:01:26]}
{[%emt 00:00:10]} 39. Ra7 {[%clk 00:00:30]} {[%emt 00:00:23]} Qe4 {[%clk
00:01:33]} {[%emt 00:00:03]} 40. Qxe4 {[%clk 00:00:28]} {[%emt 00:00:12]} Rxe4
{[%clk 00:01:42]} {[%emt 00:00:01]} 41. Rb7 {[%clk 00:00:33]} {[%emt 00:00:05]}
Rxc4 {[%clk 00:01:34]} {[%emt 00:00:17]} 42. Raa7 {[%clk 00:00:34]} {[%emt
00:00:09]} Rf8 {[%clk 00:01:09]} {[%emt 00:00:36]} 43. Rxb6 {[%clk 00:00:37]}
{[%emt 00:00:07]} Rb4 {[%clk 00:01:04]} {[%emt 00:00:15]} 44. Rbb7 {[%clk
00:00:27]} {[%emt 00:00:19]} c4 {[%clk 00:01:03]} {[%emt 00:00:12]} 45. Kf1
{[%clk 00:00:21]} {[%emt 00:00:16]} c3 {[%clk 00:01:01]} {[%emt 00:00:12]} 46.
Ke2 {[%clk 00:00:15]} {[%emt 00:00:16]} c2 {[%clk 00:01:03]} {[%emt 00:00:08]}
47. Rc7 {[%clk 00:00:19]} {[%emt 00:00:06]} Rxb5 {[%clk 00:01:09]} {[%emt
00:00:04]} 48. f4 {[%clk 00:00:27]} {[%emt 00:00:02]} Rb3 {[%clk 00:01:10]}
{[%emt 00:00:09]} 49. Kf2 {[%clk 00:00:30]} {[%emt 00:00:07]} Rb2 {[%clk
00:01:10]} {[%emt 00:00:10]} 50. Ke3 {[%clk 00:00:33]} {[%emt 00:00:07]} Rfb8
{[%clk 00:00:51]} {[%emt 00:00:28]} 51. Kd2 {[%clk 00:00:28]} {[%emt 00:00:16]}
Rf8 {[%clk 00:00:31]} {[%emt 00:00:29]} 52. Rxc2 {[%clk 00:00:22]} {[%emt
00:00:16]} Rb3 {[%clk 00:00:40]} {[%emt 00:00:02]} 1/2-1/2

[Event "English Schools Championship Final 2024"]
[Site "Nottingham University Kings Meadow Campus, United Kingdom"]
[Date "2024.06.27"]
[Round "3.21"]
[White "Dicker, James"]
[Black "Dasgupta, Avyukt"]
[Result "0-1"]
[TimeControl "G50' + 10\" per move."]
[BlackFideId "480630"]
[WhiteElo "1891"]
[BlackElo "2069"]

1. e4 {[%clk 00:50:19]} {[%emt 00:00:01]} e6 {[%clk 00:49:48]} {[%emt
00:00:32]} 2. d4 {[%clk 00:50:26]} {[%emt 00:00:03]} d5 {[%clk 00:49:56]}
{[%emt 00:00:02]} 3. exd5 {[%clk 00:50:32]} {[%emt 00:00:03]} exd5 {[%clk
00:50:01]} {[%emt 00:00:05]} 4. Nf3 {[%clk 00:50:30]} {[%emt 00:00:13]} Nf6
{[%clk 00:49:57]} {[%emt 00:00:14]} 5. Bd3 {[%clk 00:50:31]} {[%emt 00:00:08]}
c5 {[%clk 00:50:02]} {[%emt 00:00:06]} 6. c3 {[%clk 00:50:29]} {[%emt
00:00:12]} Nc6 {[%clk 00:50:05]} {[%emt 00:00:06]} 7. h3 {[%clk 00:50:18]}
{[%emt 00:00:21]} Be7 {[%clk 00:50:07]} {[%emt 00:00:09]} 8. dxc5 {[%clk
00:49:38]} {[%emt 00:00:51]} Bxc5 {[%clk 00:50:15]} {[%emt 00:00:01]} 9. O-O
{[%clk 00:48:05]} {[%emt 00:01:43]} O-O {[%clk 00:50:14]} {[%emt 00:00:11]} 10.
Bf4 {[%clk 00:44:43]} {[%emt 00:03:32]} Ne4 {[%clk 00:43:27]} {[%emt 00:06:57]}
11. Bxe4 {[%clk 00:39:14]} {[%emt 00:05:39]} dxe4 {[%clk 00:43:29]} {[%emt
00:00:08]} 12. Ne5 {[%clk 00:38:24]} {[%emt 00:01:00]} Nxe5 {[%clk 00:41:23]}
{[%emt 00:02:16]} 13. Bxe5 {[%clk 00:38:32]} {[%emt 00:00:02]} Qg5 {[%clk
00:40:21]} {[%emt 00:01:12]} 14. Bd4 {[%clk 00:30:53]} {[%emt 00:07:49]} Bxh3
{[%clk 00:39:27]} {[%emt 00:01:04]} 15. g3 {[%clk 00:30:42]} {[%emt 00:00:21]}
Bxd4 {[%clk 00:39:14]} {[%emt 00:00:23]} 16. cxd4 {[%clk 00:30:03]} {[%emt
00:00:50]} Bxf1 {[%clk 00:39:16]} {[%emt 00:00:07]} 17. Kxf1 {[%clk 00:29:30]}
{[%emt 00:00:43]} Rad8 {[%clk 00:38:19]} {[%emt 00:01:08]} 18. Nc3 {[%clk
00:26:28]} {[%emt 00:03:12]} e3 {[%clk 00:35:54]} {[%emt 00:02:34]} 19. Ne2
{[%clk 00:22:21]} {[%emt 00:04:17]} Qf6 {[%clk 00:34:37]} {[%emt 00:01:26]} 20.
f4 {[%clk 00:20:49]} {[%emt 00:01:43]} Qc6 {[%clk 00:34:05]} {[%emt 00:00:43]}
21. Kg1 {[%clk 00:19:55]} {[%emt 00:01:03]} Rd6 {[%clk 00:31:07]} {[%emt
00:03:08]} 22. Rc1 {[%clk 00:16:16]} {[%emt 00:03:49]} Qe4 {[%clk 00:29:23]}
{[%emt 00:01:54]} 23. Qc2 {[%clk 00:15:29]} {[%emt 00:00:57]} Qf3 {[%clk
00:27:41]} {[%emt 00:01:51]} 24. Rf1 {[%clk 00:15:27]} {[%emt 00:00:12]} Qh5
{[%clk 00:25:41]} {[%emt 00:02:07]} 25. Qe4 {[%clk 00:14:56]} {[%emt 00:00:45]}
Qxe2 {[%clk 00:25:28]} {[%emt 00:00:23]} 0-1

[Event "English Schools Championship Final 2024"]
[Site "Nottingham University Kings Meadow Campus, United Kingdom"]
[Date "2024.06.27"]
[Round "3.22"]
[White "Mittal, Aditya"]
[Black "Brown, Stuart"]
[Result "1/2-1/2"]
[TimeControl "G50' + 10\" per move."]
[WhiteFideId "499250"]
[WhiteElo "1852"]
[BlackElo "1733"]

1. e4 {[%clk 00:50:19]} {[%emt 00:00:01]} d5 {[%clk 00:50:19]} {[%emt
00:00:01]} 2. exd5 {[%clk 00:50:24]} {[%emt 00:00:04]} Qxd5 {[%clk 00:50:24]}
{[%emt 00:00:05]} 3. Nf3 {[%clk 00:50:31]} {[%emt 00:00:04]} Bf5 {[%clk
00:50:18]} {[%emt 00:00:16]} 4. Be2 {[%clk 00:48:49]} {[%emt 00:01:51]} Nf6
{[%clk 00:49:40]} {[%emt 00:00:49]} 5. d4 {[%clk 00:48:10]} {[%emt 00:00:48]}
Qd8 {[%clk 00:49:06]} {[%emt 00:00:44]} 6. c4 {[%clk 00:47:45]} {[%emt
00:00:35]} e6 {[%clk 00:48:59]} {[%emt 00:00:17]} 7. Nc3 {[%clk 00:45:44]}
{[%emt 00:02:12]} c6 {[%clk 00:48:58]} {[%emt 00:00:10]} 8. Qb3 {[%clk
00:43:50]} {[%emt 00:02:04]} Qb6 {[%clk 00:48:34]} {[%emt 00:00:34]} 9. Qxb6
{[%clk 00:42:17]} {[%emt 00:01:43]} axb6 {[%clk 00:48:40]} {[%emt 00:00:04]} 10.
a3 {[%clk 00:41:57]} {[%emt 00:00:31]} Nbd7 {[%clk 00:47:52]} {[%emt 00:00:58]}
11. Bf4 {[%clk 00:40:53]} {[%emt 00:01:12]} Be7 {[%clk 00:46:21]} {[%emt
00:01:42]} 12. h3 {[%clk 00:37:56]} {[%emt 00:03:07]} h6 {[%clk 00:45:37]}
{[%emt 00:00:55]} 13. O-O-O {[%clk 00:36:01]} {[%emt 00:02:05]} O-O {[%clk
00:41:33]} {[%emt 00:04:14]} 14. Bd3 {[%clk 00:34:26]} {[%emt 00:01:44]} Bxd3
{[%clk 00:40:55]} {[%emt 00:00:48]} 15. Rxd3 {[%clk 00:34:25]} {[%emt
00:00:11]} b5 {[%clk 00:40:48]} {[%emt 00:00:17]} 16. cxb5 {[%clk 00:27:57]}
{[%emt 00:06:38]} cxb5 {[%clk 00:38:51]} {[%emt 00:02:05]} 17. Nxb5 {[%clk
00:25:43]} {[%emt 00:02:26]} Rfc8+ {[%clk 00:37:45]} {[%emt 00:01:16]} 18. Kb1
{[%clk 00:24:36]} {[%emt 00:01:18]} Ne4 {[%clk 00:31:52]} {[%emt 00:06:03]} 19.
Re1 {[%clk 00:19:25]} {[%emt 00:05:21]} Ndf6 {[%clk 00:29:20]} {[%emt
00:02:42]} 20. Nd2 {[%clk 00:17:14]} {[%emt 00:02:21]} Ra5 {[%clk 00:25:49]}
{[%emt 00:03:40]} 21. Nxe4 {[%clk 00:16:39]} {[%emt 00:00:45]} Nxe4 {[%clk
00:23:37]} {[%emt 00:02:23]} 22. Rxe4 {[%clk 00:16:40]} {[%emt 00:00:09]} Rxb5
{[%clk 00:23:39]} {[%emt 00:00:08]} 23. Re2 {[%clk 00:15:00]} {[%emt 00:01:49]}
g5 {[%clk 00:21:35]} {[%emt 00:02:14]} 24. Be3 {[%clk 00:12:21]} {[%emt
00:02:49]} Rd8 {[%clk 00:20:49]} {[%emt 00:00:56]} 25. Rc2 {[%clk 00:11:17]}
{[%emt 00:01:13]} Rd7 {[%clk 00:20:21]} {[%emt 00:00:39]} 26. Rcd2 {[%clk
00:10:32]} {[%emt 00:00:56]} f5 {[%clk 00:19:48]} {[%emt 00:00:42]} 27. g3
{[%clk 00:10:16]} {[%emt 00:00:26]} Rbd5 {[%clk 00:18:25]} {[%emt 00:01:34]} 28.
Kc2 {[%clk 00:09:36]} {[%emt 00:00:49]} Bd6 {[%clk 00:16:51]} {[%emt 00:01:44]}
29. f4 {[%clk 00:09:24]} {[%emt 00:00:23]} Be7 {[%clk 00:16:01]} {[%emt
00:00:59]} 30. b4 {[%clk 00:08:49]} {[%emt 00:00:46]} b5 {[%clk 00:12:16]}
{[%emt 00:03:54]} 31. g4 {[%clk 00:06:39]} {[%emt 00:02:21]} Bf6 {[%clk
00:11:12]} {[%emt 00:01:13]} 32. gxf5 {[%clk 00:06:19]} {[%emt 00:00:30]} exf5
{[%clk 00:08:59]} {[%emt 00:02:23]} 33. Rg2 {[%clk 00:05:43]} {[%emt 00:00:47]}
Rg7 {[%clk 00:06:06]} {[%emt 00:03:02]} 34. Kb3 {[%clk 00:04:38]} {[%emt
00:01:15]} gxf4 {[%clk 00:04:43]} {[%emt 00:01:33]} 35. Rxg7+ {[%clk 00:04:38]}
{[%emt 00:00:10]} Kxg7 {[%clk 00:03:58]} {[%emt 00:00:56]} 36. Bxf4 {[%clk
00:04:42]} {[%emt 00:00:06]} Rxd4 {[%clk 00:03:59]} {[%emt 00:00:08]} 37. Rxd4
{[%clk 00:04:41]} {[%emt 00:00:11]} Bxd4 {[%clk 00:04:05]} {[%emt 00:00:04]} 38.
a4 {[%clk 00:04:40]} {[%emt 00:00:12]} bxa4+ {[%clk 00:02:54]} {[%emt
00:01:21]} 39. Kxa4 {[%clk 00:04:48]} {[%emt 00:00:01]} Kg6 {[%clk 00:02:36]}
{[%emt 00:00:28]} 40. Kb5 {[%clk 00:04:12]} {[%emt 00:00:47]} Kh5 {[%clk
00:01:07]} {[%emt 00:01:39]} 41. Kc4 {[%clk 00:04:19]} {[%emt 00:00:03]} Bf2
{[%clk 00:00:49]} {[%emt 00:00:28]} 42. Kd5 {[%clk 00:03:49]} {[%emt 00:00:40]}
Kh4 {[%clk 00:00:41]} {[%emt 00:00:16]} 43. Ke5 {[%clk 00:03:42]} {[%emt
00:00:18]} Kxh3 {[%clk 00:00:37]} {[%emt 00:00:14]} 44. Kxf5 {[%clk 00:03:45]}
{[%emt 00:00:08]} h5 {[%clk 00:00:44]} {[%emt 00:00:03]} 45. b5 {[%clk
00:03:49]} {[%emt 00:00:05]} h4 {[%clk 00:00:47]} {[%emt 00:00:07]} 46. Bg5
{[%clk 00:03:44]} {[%emt 00:00:16]} 1/2-1/2

[Event "English Schools Championship Final 2024"]
[Site "Nottingham University Kings Meadow Campus, United Kingdom"]
[Date "2024.06.27"]
[Round "3.23"]
[White "McCauley, Rohan Gb"]
[Black "Shah, Kian"]
[Result "1/2-1/2"]
[TimeControl "G50' + 10\" per move."]
[WhiteFideId "457728"]
[BlackFideId "447366"]
[WhiteElo "1614"]
[BlackElo "1896"]

1. d4 {[%clk 00:50:12]} {[%emt 00:00:07]} Nf6 {[%clk 00:50:15]} {[%emt
00:00:06]} 2. Nc3 {[%clk 00:50:17]} {[%emt 00:00:05]} d5 {[%clk 00:50:18]}
{[%emt 00:00:07]} 3. Bf4 {[%clk 00:50:13]} {[%emt 00:00:13]} c6 {[%clk
00:50:15]} {[%emt 00:00:14]} 4. e3 {[%clk 00:50:09]} {[%emt 00:00:13]} Bf5
{[%clk 00:50:15]} {[%emt 00:00:10]} 5. Nf3 {[%clk 00:50:05]} {[%emt 00:00:14]}
e6 {[%clk 00:50:20]} {[%emt 00:00:06]} 6. Ne5 {[%clk 00:49:56]} {[%emt
00:00:19]} Bb4 {[%clk 00:50:08]} {[%emt 00:00:22]} 7. g4 {[%clk 00:46:25]}
{[%emt 00:03:40]} Bg6 {[%clk 00:49:03]} {[%emt 00:01:16]} 8. f3 {[%clk
00:45:58]} {[%emt 00:00:37]} Nfd7 {[%clk 00:48:15]} {[%emt 00:00:57]} 9. h4
{[%clk 00:42:36]} {[%emt 00:03:33]} Nxe5 {[%clk 00:45:54]} {[%emt 00:02:31]} 10.
dxe5 {[%clk 00:42:27]} {[%emt 00:00:20]} h5 {[%clk 00:45:30]} {[%emt 00:00:33]}
11. g5 {[%clk 00:41:49]} {[%emt 00:00:48]} Nd7 {[%clk 00:45:11]} {[%emt
00:00:28]} 12. Bd3 {[%clk 00:40:37]} {[%emt 00:01:22]} Bxd3 {[%clk 00:45:05]}
{[%emt 00:00:16]} 13. cxd3 {[%clk 00:37:56]} {[%emt 00:02:52]} g6 {[%clk
00:45:04]} {[%emt 00:00:12]} 14. Kf2 {[%clk 00:29:53]} {[%emt 00:08:13]} d4
{[%clk 00:39:33]} {[%emt 00:05:41]} 15. exd4 {[%clk 00:25:58]} {[%emt
00:04:06]} Nb6 {[%clk 00:38:51]} {[%emt 00:00:51]} 16. Qb3 {[%clk 00:25:39]}
{[%emt 00:00:28]} Ba5 {[%clk 00:35:47]} {[%emt 00:03:15]} 17. Ne2 {[%clk
00:23:17]} {[%emt 00:02:32]} O-O {[%clk 00:34:06]} {[%emt 00:01:50]} 18. Be3
{[%clk 00:17:04]} {[%emt 00:06:23]} Nd5 {[%clk 00:33:53]} {[%emt 00:00:24]} 19.
Nc3 {[%clk 00:14:27]} {[%emt 00:02:48]} Nxe3 {[%clk 00:33:21]} {[%emt
00:00:42]} 20. Kxe3 {[%clk 00:14:27]} {[%emt 00:00:09]} Qc7 {[%clk 00:33:13]}
{[%emt 00:00:18]} 21. Ne2 {[%clk 00:13:51]} {[%emt 00:00:45]} Rad8 {[%clk
00:32:38]} {[%emt 00:00:46]} 22. Rhc1 {[%clk 00:13:13]} {[%emt 00:00:48]} Bb6
{[%clk 00:32:26]} {[%emt 00:00:22]} 23. f4 {[%clk 00:12:21]} {[%emt 00:01:02]}
Rd5 {[%clk 00:32:15]} {[%emt 00:00:20]} 24. Rc4 {[%clk 00:10:24]} {[%emt
00:02:07]} Rfd8 {[%clk 00:32:05]} {[%emt 00:00:20]} 25. Qc3 {[%clk 00:09:05]}
{[%emt 00:01:30]} Qd7 {[%clk 00:31:01]} {[%emt 00:01:14]} 26. b4 {[%clk
00:08:23]} {[%emt 00:00:52]} a6 {[%clk 00:27:32]} {[%emt 00:03:39]} 27. a4
{[%clk 00:06:48]} {[%emt 00:01:45]} Ba7 {[%clk 00:26:29]} {[%emt 00:01:13]} 28.
b5 {[%clk 00:04:00]} {[%emt 00:02:59]} c5 {[%clk 00:26:13]} {[%emt 00:00:24]}
29. Qa5 {[%clk 00:01:24]} {[%emt 00:02:46]} cxd4+ {[%clk 00:25:20]} {[%emt
00:01:04]} 30. Kd2 {[%clk 00:00:53]} {[%emt 00:00:41]} axb5 {[%clk 00:24:48]}
{[%emt 00:00:42]} 31. Rc7 {[%clk 00:00:55]} {[%emt 00:00:08]} Qe8 {[%clk
00:19:05]} {[%emt 00:05:53]} 32. Qxa7 {[%clk 00:01:02]} {[%emt 00:00:03]} Ra8
{[%clk 00:18:55]} {[%emt 00:00:19]} 33. Qxb7 {[%clk 00:00:58]} {[%emt
00:00:15]} bxa4 {[%clk 00:18:56]} {[%emt 00:00:09]} 34. Rxf7 {[%clk 00:00:33]}
{[%emt 00:00:35]} Rb5 {[%clk 00:18:07]} {[%emt 00:00:59]} 35. Rg7+ {[%clk
00:00:21]} {[%emt 00:00:22]} Kf8 {[%emt 00:00:07]} 36. Rf7+ {[%clk 00:00:17]}
{[%emt 00:00:12]} Kg8 {[%clk 00:18:14]} {[%emt 00:00:08]} 1/2-1/2

[Event "English Schools Championship Final 2024"]
[Site "Nottingham University Kings Meadow Campus, United Kingdom"]
[Date "2024.06.27"]
[Round "3.24"]
[White "Kaushik, Madhav"]
[Black "Guo, Jintian J"]
[Result "1/2-1/2"]
[TimeControl "G50' + 10\" per move."]
[WhiteFideId "499986"]
[BlackFideId "481742"]
[WhiteElo "1753"]
[BlackElo "1614"]

1. e4 {[%clk 00:50:17]} {[%emt 00:00:03]} c5 {[%clk 00:50:15]} {[%emt
00:00:05]} 2. Nf3 {[%clk 00:50:24]} {[%emt 00:00:04]} d6 {[%clk 00:50:18]}
{[%emt 00:00:07]} 3. d4 {[%clk 00:50:27]} {[%emt 00:00:07]} cxd4 {[%clk
00:50:22]} {[%emt 00:00:05]} 4. Nxd4 {[%clk 00:50:36]} Nf6 {[%clk 00:50:18]}
{[%emt 00:00:15]} 5. Nc3 {[%clk 00:50:44]} {[%emt 00:00:01]} a6 {[%clk
00:50:14]} {[%emt 00:00:14]} 6. f3 {[%clk 00:50:37]} {[%emt 00:00:16]} b5
{[%clk 00:50:08]} {[%emt 00:00:17]} 7. Be3 {[%clk 00:48:48]} {[%emt 00:02:00]}
e6 {[%clk 00:47:58]} {[%emt 00:02:20]} 8. Bd3 {[%clk 00:42:26]} {[%emt
00:06:31]} Be7 {[%clk 00:46:28]} {[%emt 00:01:40]} 9. O-O {[%clk 00:42:03]}
{[%emt 00:00:33]} O-O {[%clk 00:46:29]} {[%emt 00:00:08]} 10. Qd2 {[%clk
00:39:37]} {[%emt 00:02:37]} Bb7 {[%clk 00:45:50]} {[%emt 00:00:49]} 11. Rfd1
{[%clk 00:35:02]} {[%emt 00:04:46]} Nbd7 {[%clk 00:45:20]} {[%emt 00:00:40]} 12.
Bf1 {[%clk 00:29:22]} {[%emt 00:05:49]} Rc8 {[%clk 00:42:44]} {[%emt 00:02:46]}
13. Rac1 {[%clk 00:23:24]} {[%emt 00:06:09]} Nb6 {[%clk 00:40:07]} {[%emt
00:02:46]} 14. Nb3 {[%clk 00:20:11]} {[%emt 00:03:24]} Nc4 {[%clk 00:38:21]}
{[%emt 00:01:55]} 15. Bxc4 {[%clk 00:18:59]} {[%emt 00:01:22]} Rxc4 {[%clk
00:37:42]} {[%emt 00:00:49]} 16. Qf2 {[%clk 00:17:42]} {[%emt 00:01:28]} Qb8
{[%clk 00:32:43]} {[%emt 00:05:08]} 17. Na5 {[%clk 00:16:36]} {[%emt 00:01:17]}
Rcc8 {[%clk 00:31:46]} {[%emt 00:01:06]} 18. Ba7 {[%clk 00:14:48]} {[%emt
00:01:58]} Qc7 {[%clk 00:31:21]} {[%emt 00:00:33]} 19. Bb6 {[%clk 00:14:37]}
{[%emt 00:00:23]} Qb8 {[%clk 00:30:45]} {[%emt 00:00:44]} 20. Ba7 {[%clk
00:14:21]} {[%emt 00:00:28]} Qc7 {[%clk 00:30:32]} {[%emt 00:00:23]} 21. Bb6
{[%clk 00:13:20]} {[%emt 00:01:11]} Qb8 {[%clk 00:30:26]} {[%emt 00:00:17]} 22.
Ba7 {[%clk 00:12:16]} {[%emt 00:01:02]} 1/2-1/2